Sanat - "Talviuni" - Aatulove - Statistics

Yleistilastot
  • Tätä visaa on pelattu 8 kertaa
  • Keskiarvotulos 52 / 183
Vastaustilastot
Vastaus % Oikein
ja
100%
jos
100%
kai
100%
kaikki
100%
100%
nukkuu
100%
nyt
100%
Nyt
100%
on
100%
se
100%
talviunta
100%
et
50%
että
50%
jäätyy
50%
joskus
50%
ku
50%
Kun
50%
mun
50%
mut
50%
ne
50%
nii
50%
niin
50%
odottamaan
50%
rakastaa
50%
sydän
50%
tuntee
50%
tunteet
50%
vaa
50%
vaan
50%
vaik
50%
vielä
50%
aika
0%
aina
0%
ainoastaan
0%
alkanu
0%
avaus
0%
epätoivonenki
0%
haamut
0%
halpaa
0%
haluisin
0%
hankala
0%
huhtikuuta
0%
hukkaisin
0%
humalaa
0%
jäämereen
0%
jäljellä
0%
jotain
0%
jotka
0%
jotkut
0%
junasta
0%
kaks
0%
katseet
0%
kauniit
0%
kelat
0%
Kerro
0%
kerro
0%
ketä
0%
kuvastin
0%
kylmä
0%
laulu
0%
löydänkö
0%
löytyis
0%
maisemaa
0%
maisemii
0%
mielestä
0%
missä
0%
mitätöis
0%
moikkauskin
0%
muiden
0%
muokkais
0%
murheet
0%
nää
0%
niinku
0%
noi
0%
olla
0%
onneks
0%
onnellisuutta
0%
onni
0%
oon
0%
päässäni
0%
päättelee
0%
pelkkä
0%
piileskelee
0%
polttaa
0%
pöytälaatikossa
0%
rakkaus
0%
rinnas
0%
rinnassa
0%
saanko
0%
säilyttää
0%
säkenöi
0%
salee
0%
sanoi
0%
särkyy
0%
senkin
0%
silleen
0%
sokaisevii
0%
sukeltais
0%
suurenee
0%
suurta
0%
suutelee
0%
tahdon
0%
Taidan
0%
tapaus
0%
tossa
0%
tuijotan
0%
vaihtaneet
0%
vieressä
0%
vuodet
0%
yksinäinen
0%
Ehtoja vastaavia visoja ei löytynyt
Tulosjakauma
Jokaisen tuloksen saaneiden osuus
Persentiili vastausten määrän mukaan
Tuloshistoriasi
Et ole pelannut tätä visaa